It's not what you teach but how : 7 insights to making the CCSS work for you /

Bibliographic Details
Main Author: Sulla, Nancy
Corporate Author: Ebook Library
Format: eBook
Language:English
Published: New York : Routledge, 2015.
Subjects:
Online Access:Connect to the full text of this electronic book

MARC

Tag First Indicator Second Indicator Subfields
LEADER 00000cam a22000001i 4500
001 in00003527310
006 m |o d |
007 cr |n|||||||||
008 150630s2015 nyu ob 000 0 eng d
005 20250816213846.4
020 |a 1317820762 (electronic bk.) 
020 |a 9781317820765 (electronic bk.) 
020 |z 9780415734776 (hardback) 
020 |z 0415734770 (hardback) 
020 |z 9780415733403 (pbk.) 
020 |z 0415733405 (pbk.) 
035 |a (NhCcYBP)ebl2051882 
040 |a NhCcYBP  |c NhCcYBP  |d UtOrBLW 
050 4 |a LB3060.83  |b .S87 2015 
082 0 4 |a 370.973  |2 23 
100 1 |a Sulla, Nancy. 
245 1 0 |a It's not what you teach but how :  |b 7 insights to making the CCSS work for you /  |c by Nancy Sulla. 
264 1 |a New York :  |b Routledge,  |c 2015. 
300 |a 1 online resource. 
336 |a text  |b txt  |2 rdacontent 
337 |a computer  |b c  |2 rdamedia 
338 |a online resource  |b cr  |2 rdacarrier 
504 |a Includes bibliographical references. 
505 0 |a Problem-finders, innovators and entrepreneurs -- The first insight : CCSS achievement requires ends-based teaching -- The second insight : understanding requires grappling -- The third insight : cognitive progression is a lever for achievement -- The fourth element : "the power of language transcends the disciplines" -- The fifth insight : executive function is foundational for all learning -- The sixth insight : "purposeful instruction yields retention" -- The seventh key : CCSS achievement relies on teacher facilitation -- The learner-active, technology-infused classroom. 
588 |a Description based on print version record. 
500 |a Electronic resource. 
650 0 |a Education  |x Standards  |z United States. 
650 0 |a Common Core State Standards (Education) 
650 0 |a Critical thinking  |x Study and teaching. 
655 7 |a Electronic books.  |2 local 
710 2 |a Ebook Library. 
776 1 8 |c Original  |z 9780415734776  |z 0415734770  |z 9780415733403  |z 0415733405  |w (DLC) 2014044539 
856 4 0 |u https://ebookcentral.proquest.com/lib/tamucs/detail.action?docID=2051882  |y Connect to the full text of this electronic book  |t 0 
955 |a YBP purchased approval e-records 
980 |b 187.50  |g 1 
987 |a ybp12428793 
999 f f |s edc03c0c-3fab-360c-8373-60017870e380  |i 6be922e7-71de-3655-9b09-9511f68efe0b  |t 0 
999 |a MARS 
952 f f |a Texas A&M University  |b College Station  |c Electronic Resources  |d Available Online  |t 0  |e LB3060.83 .S87 2015  |h Library of Congress classification 
998 f f |a LB3060.83 .S87 2015  |t 0  |l Available Online